000 00415nam a2200181Ia 4500
005 20250603144625.0
008 250603s9999 xx 000 0 und d
020 _a9780078025877
050 _aQP 102 .H37/
100 _aHarris, David
245 0 _aCardiovascular Physiology
260 _aBoston
260 _bMcGraw Hill
260 _c2024
300 _axii, 292p.: ill.
650 _aBoston
942 _cBK
999 _c39467
_d39467